| 000 | 00515nam a2200157Ia 4500 | ||
|---|---|---|---|
| 008 | 200619s9999 xx 000 0 und d | ||
| 020 | _a9.780324225e+012 | ||
| 100 | _aBrigham, Eugene F. | ||
| 245 |
_cBrigham, Eugene F. ; Ehrhardt, Michael C.-- _aFinancial management : _btheory and practice / |
||
| 250 | _a11th ed. | ||
| 260 |
_aOhio: _bSouth-Western _c2005 |
||
| 300 | _axxii, 1000 pages | ||
| 500 | _aIncludes appendix and index. | ||
| 650 | _aCorporations -- Finance. | ||
| 650 | _aEntreprises -- Finances. | ||
| 999 |
_c363753 _d363753 |
||